| 000 | 00782nam a22002417a 4500 | ||
|---|---|---|---|
| 001 | 29925 | ||
| 003 | UA-OsUOA | ||
| 005 | 20210916224440.0 | ||
| 007 | ta | ||
| 008 | 20041101b un ||||| |||| 00| 0 ukr d | ||
| 040 |
_aUA-OsUOA _brus _cUA-OsUOA _dUA-OsUOA |
||
| 041 | _arus | ||
| 044 | _aRU | ||
| 080 | _a821(470)(091) | ||
| 090 |
_a821(470)(091) _bС71 |
||
| 100 | _aСперанский М. Н. | ||
| 245 |
_aРукописные сборники XVIII века _bматериалы для истории русской литературы XVII века _cМ. Н. Сперанский ; ред. В. Д. Кузьмина |
||
| 260 |
_aМосква _bИзд. АН СССР _c1963 |
||
| 300 |
_a268 с. _bІлюстрації |
||
| 650 | 7 | _2UDC | |
| 942 |
_cBK _2udc |
||
| 955 | _a0 | ||
| 999 |
_c316325 _d316325 |
||